000
00294pab a2200145 454500
008
180718b2013 xxu||||| |||| 00| 0 eng d
245
_a
The problem
260
_c
2013
300
_a
p.12-15.
362
_a
Jul
650
_a
Consumers
773
_a
Seminar
908
_a
N
909
_a
101110
999
_c
101109
_d
101109